Normal view
MARC view
Entry Personal Name
001 - CONTROL NUMBER
- control field: 19445
003 - CONTROL NUMBER IDENTIFIER
- control field: OSt
005 - DATE AND TIME OF LATEST TRANSACTION
- control field: 20251009122311.0
008 - FIXED-LENGTH DATA ELEMENTS
- fixed length control field: 251009|| aca||aabn | a|a d
040 ## - CATALOGING SOURCE
- Original cataloging agency: OSt
- Transcribing agency: OSt
100 ## - HEADING--PERSONAL NAME
- Personal name: Patil, Madhusadan; Gao, Changhong
670 ## - SOURCE DATA FOUND
- Source citation: Work cat.: (OSt)9555: Patil, Madhusadan; Gao, Changhong, Dipmeter Surveys in Petroleum Exploration, 2017
